Trigonometry, a graphing approach / (Record no. 16673)

000 -LEADER
fixed length control field 00459pam a2200169 a 4500
020 ## - INTERNATIONAL STANDARD BOOK NUMBER
ISBN 0201528126
040 ## - CATALOGING SOURCE
Transcribing agency DLC
082 00 - DEWEY DECIMAL CLASSIFICATION NUMBER
Classification number 516 D.C. H1995 A111 Or.
100 1# - MAIN ENTRY--AUTHOR NAME
Personal name Demana, Franklin D.,
245 10 - TITLE STATEMENT
Title Trigonometry, a graphing approach /
260 ## - PUBLICATION, DISTRIBUTION, ETC. (IMPRINT)
Place of publication Reading, Mass. :
Name of publisher Addison-Wesley Pub. Co.,
Year of publication c1990.
300 ## - PHYSICAL DESCRIPTION
Number of Pages xii, 482, 14 p. :
Other physical details ill. ;
Dimensions 25 cm.
500 ## - GENERAL NOTE
General note Includes index.
650 #0 - SUBJECT ADDED ENTRY--TOPICAL TERM
Topical Term Trigonometry
700 1# - ADDED ENTRY--PERSONAL NAME
Personal name Waits, Bert K.
942 ## - ADDED ENTRY ELEMENTS (KOHA)
Koha item type សៀវភៅភាសាអង់គ្លេស
952 ## - LOCATION AND ITEM INFORMATION (KOHA)
Withdrawn status [LOCAL, KOHA] 0
Holdings
Permanent Location Date acquired Koha item type Lost status Shelving location Barcode Current Location Full call number
Library Block A2018-03-23សៀវភៅភាសាអង់គ្លេស A106A19154Library Block A516 D.C. H1995 A106 Or.
មជ្ឈមណ្ឌលឯការនៃសាកលវិទ្យាល័យភូមិន្ទកសិកម្មចំការដូង

Powered by Koha